| 000 | 01060nam a22002537a 4500 | ||
|---|---|---|---|
| 999 |
_c20685 _d20685 |
||
| 005 | 20200103082742.0 | ||
| 008 | 200103b xxu||||| |||| 00| 0 spa d | ||
| 020 | _a9789588513720 | ||
| 040 |
_aCO-BoIAVH _cCO-BoIAVH |
||
| 041 | _aspa | ||
| 044 | _ack | ||
| 082 |
_a307.12 _bA31g |
||
| 110 | _aÁrea Metropolitana del Valle de Aburrá. | ||
| 245 |
_aLa gestión del suelo en el cinturón verde metropolitano _bManual práctico para servidores públicos _cÁrea Metropolitana Valle de Aburrá y Universidad Pontificia Bolivariana |
||
| 250 | _aPrimera edición. | ||
| 260 |
_aMedellín, _bÁrea Metropolitana Valle de Aburrá, _bUniversidad Pontificia Bolivariana, _c2014 |
||
| 300 |
_a62 páginas _bIlustraciones, mapas y fotografías. _c21.5 x 14 cm |
||
| 650 | 0 |
_aPlanificación urbana _zColombia |
|
| 650 | 0 |
_aDesarrollo urbano _zAntioquia (Colombia) |
|
| 650 | 0 | _aEstudio de suelos | |
| 651 |
_aValle de Aburrá _z(Antioquia, Colombia) |
||
| 710 | 2 | _aUniversidad Pontificia Bolivariana | |
| 942 |
_2ddc _cLIBRO |
||